Buffalo soldiers / (Record no. 469)

MARC details
000 -LEADER
fixed length control field 01379nam a2200253 a 4500
005 - DATE AND TIME OF LATEST TRANSACTION
control field 20260322212021.0
008 - FIXED-LENGTH DATA ELEMENTS--GENERAL INFORMATION
fixed length control field data
020 ## - INTERNATIONAL STANDARD BOOK NUMBER
International Standard Book Number 0780652967
020 ## - INTERNATIONAL STANDARD BOOK NUMBER
International Standard Book Number 9780780652965
040 ## - CATALOGING SOURCE
Original cataloging agency Borders/Amazon
099 ## - LOCAL FREE-TEXT CALL NUMBER (OCLC)
Classification number DVD 806
001 - CONTROL NUMBER
control field data
245 10 - TITLE STATEMENT
Title Buffalo soldiers /
Medium [videorecording]
Statement of responsibility, etc. Turner Pictures ; Citadel Enterprise Productions ; Trilogy Group ;directed by Charles Haid.
260 ## - PUBLICATION, DISTRIBUTION, ETC.
Place of publication, distribution, etc. [Burbank, CA]
Name of publisher, distributor, etc. Warner Home Video
Date of publication, distribution, etc. c1998
300 ## - PHYSICAL DESCRIPTION
Extent DVD. 1 videodisc (ca. 95 min.) :
Other physical details sd., col., stereo
500 ## - GENERAL NOTE
General note Cast: Danny Glover, Bob Gunton, Carl Lumbly, Glynn Turman, Mykelti Williamson.
500 ## - GENERAL NOTE
General note MPAA rating: G
500 ## - GENERAL NOTE
General note Release of the 1997 film produced for television.
520 ## - SUMMARY, ETC.
Summary, etc. Fact based story about the all-black US Cavalry Troop H which protected the Western territories in post Civil War times. The story focuses on the troops attempts to capture an Apache warrior named Vittorio who slaughters the settlers in New Mexico. The film examines the racial tensions that existed between the black soldiers and some of the white soldiers and the truths about the Indian invaders.
650 #4 - SUBJECT ADDED ENTRY--TOPICAL TERM
Topical term or geographic name entry element African American soldiers
General subdivision history
-- history
Chronological subdivision 19th century
General subdivision history
650 #4 - SUBJECT ADDED ENTRY--TOPICAL TERM
Topical term or geographic name entry element United States. Army
General subdivision history
-- history
Chronological subdivision 19th century
General subdivision history
650 #4 - SUBJECT ADDED ENTRY--TOPICAL TERM
Topical term or geographic name entry element Western films.
856 41 - ELECTRONIC LOCATION AND ACCESS
Uniform Resource Identifier <a href="https://blog.springshare.com/wp-content/uploads/2010/02/nc-sm.gif">https://blog.springshare.com/wp-content/uploads/2010/02/nc-sm.gif</a>
Holdings
Withdrawn status Lost status Damaged status Not for loan Home library Current library Shelving location Date acquired Total checkouts Full call number Barcode Date last seen Price effective from Koha item type
        Franklin Franklin General stacks 22/03/2026   GEN BC0010480 22/03/2026 22/03/2026 Books